Члены Европейского союза - Армагеддон - Statistics

General Stats
  • This quiz has been taken 961 times
  • The average score is 6 of 27
Answers on the Grid
Answers color-coded by a green-red scale on the quiz's grid according to % correct below.
Австрия
Азербайджан
Албания
Андорра
Белоруссия
Бельгия
Болгария
Босния и Герцеговина
Великобритания
Венгрия
Германия
Греция
Грузия
Дания
Ирландия
Исландия
Испания
Италия
Кипр
Косово
Латвия
Литва
Лихтенштейн
Люксембург
Мальта
Молдавия
Монако
Нидерланды
Норвегия
Польша
Португалия
Россия
Румыния
Сан-Марино
Северная Македония
Сербия
Словакия
Словения
Турция
Украина
Финляндия
Франция
Хорватия
Черногория
Чехия
Швейцария
Швеция
Эстония
 
Answer Stats
Answer % Correct
Австрия
84%
Бельгия
40%
Германия
33%
Болгария
32%
Испания
27%
Дания
25%
Венгрия
24%
Латвия
22%
Греция
21%
Ирландия
21%
Италия
21%
Эстония
18%
Литва
17%
Польша
17%
Франция
17%
Нидерланды
16%
Португалия
16%
Чехия
16%
Румыния
15%
Швеция
15%
Кипр
14%
Словакия
14%
Финляндия
14%
Хорватия
14%
Словения
13%
Люксембург
12%
Мальта
11%
No matching quizzes found
Score Distribution
Percent of People with Each Score
Percentile by Number Answered
Your Score History
You have not taken this quiz